| 000 | 00316nam a2200133 4500 | ||
|---|---|---|---|
| 005 | 20260530115308.0 | ||
| 100 | 1 |
_aConrad Amat _932345 |
|
| 245 | 1 | 0 | _aAMAT-3 Catálogo |
| 264 | 1 |
_bAmat-3 _c2002 |
|
| 300 | _a216 páginas | ||
| 336 |
_atexto _2rdacontent |
||
| 337 |
_asin medio _2rdamedia |
||
| 338 |
_avolumen _2rdacarrier |
||
| 999 |
_c13196 _d13196 |
||